Tiền làm chủ cuộc chơi : 7 bước đơn giản để đạt được tự do tài chính Quyển 1
Cuốn sách sẽ chỉ dẫn và giúp bạn tăng khả năng hiểu biết về cách làm chủ cuộc chơi, và về lâu dài, đạt được sự tự do tài chính của mình.
Na minha lista:
| Autor principal: | |
|---|---|
| Outros Autores: | |
| Formato: | Livro |
| Idioma: | Vietnamese |
| Publicado em: |
H.
Công thương
2018
|
| Assuntos: | |
| Tags: |
Adicionar Tag
Sem tags, seja o primeiro a adicionar uma tag!
|
| Thư viện lưu trữ: | Thư viện Trường Đại học Nam Cần Thơ |
|---|
| LEADER | 01279nam a22002177a 4500 | ||
|---|---|---|---|
| 001 | NCT_64047 | ||
| 008 | 190508b xxu||||| |||| 00| 0 vie d | ||
| 999 | |c 3098 |d 3098 | ||
| 020 | |a 9786049314186 |c 198000 | ||
| 082 | 0 | 4 | |2 23rd ed. |a 332.02401 |b R632/Q.1 |
| 100 | 1 | |a Robbins, Tony | |
| 245 | 1 | 0 | |a Tiền làm chủ cuộc chơi : |b 7 bước đơn giản để đạt được tự do tài chính |n Quyển 1 |c Tony Robbins ; Nguyễn Phúc Quang Ngọc (dịch) |
| 260 | |a H. |b Công thương |c 2018 | ||
| 300 | |a 519 tr. |c 23cm | ||
| 520 | 3 | |a Cuốn sách sẽ chỉ dẫn và giúp bạn tăng khả năng hiểu biết về cách làm chủ cuộc chơi, và về lâu dài, đạt được sự tự do tài chính của mình. | |
| 653 | |a Sách tham khảo | ||
| 700 | 1 | |a Nguyễn Phúc Quang Ngọc |e Dịch | |
| 942 | |2 ddc |c BK | ||
| 952 | |0 0 |1 0 |2 ddc |4 0 |6 332_024010000000000_R632_Q_1 |7 0 |9 16816 |a 000001 |b 000001 |d 2019-05-08 |o 332.02401 R632/Q.1 |p TK.01417 |r 2019-05-08 |v 198000.00 |w 2019-05-08 |y BK | ||
| 952 | |0 0 |1 0 |2 ddc |4 0 |6 332_024010000000000_R632_Q_1 |7 0 |9 16817 |a 000001 |b 000001 |d 2019-05-08 |o 332.02401 R632/Q.1 |p TK.01418 |r 2019-05-08 |v 198000.00 |w 2019-05-08 |y BK | ||
| 980 | |a Thư viện Trường Đại học Nam Cần Thơ | ||


